00922nam a2200253 a 450000500170000000800410001704000250005804100080008309000140009110000400010524500680014526000430021330000110025665000250026765000390029265000300033165000330036165000240039465000220041866200380044094200150047899900130049395201620050620151218031548.0140224b1995 ck ||||| |||| 00| 0 spa d aCO-BoIAVHcCO-BoIAVH aspa aLBb00969 aCelis Neira, Adriana María910117 aInforme final de recolección de información etnobiológica aBogotábProyecto Biopacíficoc1995 a129 p. aEtnobiología98558 aDescripciones taxonómicas944889 aUso de biodiversidad9343 aVegetación asociada944890 aFitoquímica94184 aEcología944891 aColombiacChocó biogeográfico cINFORME2z c981d981 00102z40708GENERALIINV2017aBogotabBogotad1999-01-13ePrograma Becasl0oLB-00969p023372r2012-12-04 00:00:00tEj. 1w2012-12-04xDonaciónyINFORME